Представление документа в формате MARC21

Поле Инд. ПП Название Значение
Тип записи a
Библиографический уровень b
001 Контрольный номер RU/IS/BASE/484246683
005 Дата корректировки 20200522191729.3
008 Кодируемые данные 20150506
040 b Код языка каталог. rus
e Правила каталог. PSBO
041 0_ a Код языка текста rus
084 a Индекс другой классификации/Индекс ББК 65.290.332-56; 65.29
100 1_ a Автор Беглова Ю.
245 10 a Заглавие Механизм оценки инвестиционной привлекательности в сделках слияния и поглощения
504 a Библиография Библиогр.
520 a Аннотация Представлен механизм оценки инвестиционной привлекательности поглощаемой компании в сделках слияния и поглощения
650 14 a Основная рубрика бизнес
a Основная рубрика инвестиции
a Основная рубрика экономика
653 1_ a Ключевые слова инвестиционная привлекательность
a Ключевые слова инвестиционный проект
a Ключевые слова интеграция бизнеса
a Ключевые слова конкурентоспособность бизнеса
a Ключевые слова корпорации
a Ключевые слова менеджмент (управление предприятием)
a Ключевые слова поглощение предприятий
a Ключевые слова слияние предприятий
a Ключевые слова стратегическое планирование
a Ключевые слова финансирование инвестиций
a Ключевые слова эффективность инвестиций
a Ключевые слова эффективность управления
773 08 t Заглавие источника РИСК: ресурсы, информация, снабжение, конкуренция
d Дата издания источника 2013
g Прочая информация № 3. - С. 313 - 316 : схем.
w Контрольный № источника RU/IS/BASE/439917319
901 t Тип документа b